Getting started with R : an introduction for biologists (Record no. 15594)

MARC details
000 -LEADER
fixed length control field 01028nam a2200325Ia 4500
003 - CONTROL NUMBER IDENTIFIER
control field OSt
005 - DATE AND TIME OF LATEST TRANSACTION
control field 20220912144659.0
008 - FIXED-LENGTH DATA ELEMENTS--GENERAL INFORMATION
fixed length control field 220909b |||||||| |||| 00| 0 eng d
020 ## - INTERNATIONAL STANDARD BOOK NUMBER
International Standard Book Number 9780199601622 (pbk)
020 ## - INTERNATIONAL STANDARD BOOK NUMBER
International Standard Book Number SL01558803
037 ## - SOURCE OF ACQUISITION
Terms of availability Textbook
040 ## - CATALOGING SOURCE
Original cataloging agency CSL
Language of cataloging eng
Transcribing agency CSL
041 ## - LANGUAGE CODE
Language code of text/sound track or separate title eng
100 ## - MAIN ENTRY--PERSONAL NAME
Personal name Beckerman Andrew P; Petchey Owen L
245 #0 - TITLE STATEMENT
Title Getting started with R : an introduction for biologists
260 ## - PUBLICATION, DISTRIBUTION, ETC.
Place of publication, distribution, etc. Oxford
Name of publisher, distributor, etc. Oxford Univ Press
Date of publication, distribution, etc. 2012
300 ## - PHYSICAL DESCRIPTION
Extent x,113p.
500 ## - GENERAL NOTE
General note Appendix 109-110p.; Index 111-113p.
650 ## - SUBJECT ADDED ENTRY--TOPICAL TERM
Topical term or geographic name entry element Open source programming language
650 ## - SUBJECT ADDED ENTRY--TOPICAL TERM
Topical term or geographic name entry element R
650 ## - SUBJECT ADDED ENTRY--TOPICAL TERM
Topical term or geographic name entry element Statistics
700 ## - ADDED ENTRY--PERSONAL NAME
Personal name Beckerman Andrew P; Petchey Owen L
942 ## - ADDED ENTRY ELEMENTS (KOHA)
Classification part B280bD65,8(B), Q2 TB
Koha item type Textbook
Source of classification or shelving scheme Colon Classification (CC)
Holdings
Withdrawn status Lost status Damaged status Not for loan Home library Current library Date acquired Source of acquisition Total Checkouts Full call number Barcode Date last seen Price effective from Koha item type
        Central Science Library Central Science Library 2022-09-12 5229, 13/08/2012, New India Book Agency   B280bD65,8(B) Q2 TB SL1558803 2022-09-12 2022-09-12 Textbook
Copyright @ Delhi University Library System